| 000 | 01132nam a2200253Ia 4500 | ||
|---|---|---|---|
| 001 | 248.22B-Terj* REY el (14059) | ||
| 003 | IT-MiSPE | ||
| 008 | 171229s9999||||xx |||||||||||||| ||und|| | ||
| 040 |
_aIT-MiSPE _cIT-MiSPE |
||
| 041 | _aITALIANO | ||
| 100 | _aElisabeth Reynaud | ||
| 240 | _aThérèse d'Avila ou le divin plaisir | ||
| 245 | 0 |
_aTeresa d'Avila _bLa donna che ha detto l'indicibile di Dio |
|
| 250 | _a1a ed. (v) | ||
| 260 |
_aMilano _bPaoline _c2001 |
||
| 300 |
_a378 p. _c22 cm |
||
| 490 |
_aDonne e uomini nella storia _v18 |
||
| 501 | _aEdizioni San Paolo srl - Piazza Soncino, 5 - 20092 CINISELLO BALSAMO (MI) (non commercial uses only) ® Copyright 2018 | ||
| 520 | _aTav. | ||
| 700 |
_aLaura Passerone _g(traduzione) |
||
| 942 | _cBK | ||
| 957 | _71 | ||
| 999 |
_a435 _bNO _g Copie: 1 _c342602 _d342602 |
||